Online
Catalog

Curso de periodismo / (Record no. 30400)

MARC details
000 -CABECERA
campo de control de longitud fija 01163nam a2200241 a 4500
001 - NÚMERO DE CONTROL
campo de control 000030908
005 - FECHA Y HORA DE LA ÚLTIMA TRANSACCIÓN
campo de control 20240313073817.0
008 - DATOS DE LONGITUD FIJA--INFORMACIÓN GENERAL
campo de control de longitud fija 081209s2001 dr 001 0 spa d
020 ## - NÚMERO INTERNACIONAL ESTÁNDAR DEL LIBRO
Número Internacional Estándar del Libro 999342921X
040 ## - FUENTE DE LA CATALOGACIÓN
Centro catalogador/agencia de origen DO-SdBNP
Lengua de catalogación spa
Centro/agencia transcriptor BNPHU
082 ## - NÚMERO DE LA CLASIFICACIÓN DECIMAL DEWEY
Número de clasificación 070.4
Número de documento/Ítem C697c, 2001
100 1# - ENTRADA PRINCIPAL--NOMBRE DE PERSONA
Nombre de persona Collado, Lipe,
Fechas asociadas al nombre 1947-
9 (RLIN) 79819
245 10 - MENCIÓN DE TÍTULO
Título Curso de periodismo /
Mención de responsabilidad, etc. Lipe Collado.
250 ## - MENCIÓN DE EDICIÓN
Mención de edición 5ª ed.
260 ## - PUBLICACIÓN, DISTRIBUCIÓN, ETC.
Lugar de publicación, distribución, etc. Santo Domingo :
Nombre del editor, distribuidor, etc. Collado,
Fecha de publicación, distribución, etc. 2001.
300 ## - DESCRIPCIÓN FÍSICA
Extensión 212 p. :
Otras características físicas il. ;
Dimensiones 22 cm.
504 ## - NOTA DE BIBLIOGRAFÍA, ETC.
Nota de bibliografía, etc. Bibliografía: p. 211-212
505 0# - NOTA DE CONTENIDO CON FORMATO
Información miscelánea Introducción --
Título Antes de comenzar --
-- La noticia --
-- Técnica de redacción --
-- Características de la noticia --
-- Las fuentes noticiosas --
-- La técnica de la entrevista --
-- Párrafos cortos --
-- La noticia en suspenso --
-- Periodismo de profundidad --
-- Noticia social --
-- Noticia deportiva --
-- Fotoperiodismo --
-- Corrector de estilo --
-- Recomendaciones de estilo --
-- El artículo --
-- La noticia curiosa y jocosa --
-- Punto final: recomendaciones al cierre.
590 ## - NOTA LOCAL (RLIN)
Nota local Inventariado,2018/DG
650 #4 - PUNTO DE ACCESO ADICIONAL DE MATERIA--TÉRMINO DE MATERIA
Término de materia o nombre geográfico como elemento de entrada Periodismo
Subdivisión de forma ENSEÑANZA
9 (RLIN) 26
650 #4 - PUNTO DE ACCESO ADICIONAL DE MATERIA--TÉRMINO DE MATERIA
Término de materia o nombre geográfico como elemento de entrada Periodismo
Subdivisión general Arte de escribir
9 (RLIN) 27
910 ## - DATOS DE OPCIÓN DEL USUARIO (OCLC)
Datos de opción del usuario Validado. Control de calidad EMS
Holdings
Estado de retiro Estado de pérdida Restricciones de uso No para préstamo Código de colección Localización permanente Ubicación/localización actual Ubicación en estantería Fecha de adquisición Número de inventario Total de préstamos Signatura topográfica completa Código de barras Fecha visto por última vez Número de copia Precio válido a partir de Tipo de ítem Koha Nota pública
    Préstamo interno   Dominicana de Servicio General General Depósito 08.06.2011 LF1   070.4 C697c, 2001 30908-30 25.06.2020 e. 3 25.06.2020 Libro y Folleto Colección Dominicana de Servicio  
        Dominicana de Servicio General General Depósito 05.09.2013 LF1   070.4 C697c, 2001 30908-40 25.06.2020 e. 4 25.06.2020 Libro y Folleto Colección Dominicana de Servicio  
        Dominicana de Servicio General General Depósito 18.06.2015 LF1   070.4 C697c, 2001 30908-50 25.06.2020 e. 5 25.06.2020 Libro y Folleto Colección Dominicana de Servicio  
      Excluido de préstamo Patrimonio Dominicano Patrimonio Dominicano Patrimonio Dominicano Depósito 06.06.2011 LF1   070.4 C697c, 2001 30908-10 25.06.2020   25.06.2020 Libro y Folleto Colección Patrimonio Dominicano Perteneció a la biblioteca personal de Erick Landestoy
      Excluido de préstamo Patrimonio Dominicano Patrimonio Dominicano Patrimonio Dominicano Depósito 08.06.2011 LF1   070.4 C697c, 2001 30908-20 25.06.2020 e. 2 25.06.2020 Libro y Folleto Colección Patrimonio Dominicano  

Powered by Koha